Literature of the Old Testament. (Record no. 3350)

000 -LEADER
fixed length control field 00547nam a2200181 a 4500
001 - CONTROL NUMBER
control field :::00001080$&:&@@
003 - CONTROL NUMBER IDENTIFIER
control field OkBaRHE
005 - DATE AND TIME OF LATEST TRANSACTION
control field 20000607103241.0
008 - FIXED-LENGTH DATA ELEMENTS--GENERAL INFORMATION
fixed length control field s1924 j 000 0 eng u
040 ## - CATALOGING SOURCE
Transcribing agency
100 1# - MAIN ENTRY--PERSONAL NAME
Personal name Purinton, Herbert R.
245 10 - TITLE STATEMENT
Title Literature of the Old Testament.
260 ## - PUBLICATION, DISTRIBUTION, ETC. (IMPRINT)
Place of publication, distribution, etc New York, NY., :
Name of publisher, distributor, etc Charles Scribner's Sons
Date of publication, distribution, etc c1924
300 ## - PHYSICAL DESCRIPTION
Extent 193 p. ;
Dimensions 17 cm.
650 ## - SUBJECT ADDED ENTRY--TOPICAL TERM
Topical term or geographic name as entry element Bible as Literature
942 ## - ADDED ENTRY ELEMENTS (KOHA)
Source of classification or shelving scheme
Koha item type Books
Copies
Lost status Date last seen Koha item type Copy number Source of classification or shelving scheme Damaged status Date acquired Shelving location Permanent Location Price effective from Full call number Barcode Withdrawn status Not for loan
 2010-04-14Books1  2010-04-14General StacksRHEMA Bible Training College2010-04-14BS 535 .P81080